Das Zwőlfprophetenbuch / übersetzt und erklärt von Ernst Sellin
Record details
- Physical Description: 568 s.
- Publisher: Leipzig : D. Werner Scholl, 1922
Search for related items by subject
| Subject: | Dvanáct prorockých knih komentáře |
Search for related items by series
Available copies
- 1 of 1 copy available at Common Catalog SPOK.
Holds
- 0 current holds with 1 total copy.
Show Only Available Copies
| Location | Call Number / Copy Notes | Barcode | Shelving Location | Status | Due Date |
|---|---|---|---|---|---|
| ETS Library | 221.7 | 424470016410 | Volný výběr | Available | - |
| LDR | 01037cam a22003137a 4500 | ||
|---|---|---|---|
| 001 | 34315 | ||
| 003 | CZ-PrJAB | ||
| 005 | 20180315223557.0 | ||
| 007 | ta | ||
| 008 | 971010s1922 gw ||||er|||||||||||ger|d | ||
| 035 | . | ‡a(CONS)13699 | |
| 035 | . | ‡a(CZ PrCU)000123692 | |
| 040 | . | ‡aABD027 ‡bcze ‡cABD027 ‡dABD027 | |
| 041 | 1 | . | ‡ager |
| 082 | . | ‡a221.7 | |
| 245 | 0 | 4. | ‡aDas Zwőlfprophetenbuch / ‡cübersetzt und erklärt von Ernst Sellin |
| 260 | . | ‡aLeipzig : ‡bD. Werner Scholl, ‡c1922 | |
| 300 | . | ‡a568 s. | |
| 490 | 1 | . | ‡aKommentar zum Alten Testament ; ‡v12 |
| 650 | 0 | 7. | ‡aDvanáct prorockých knih ‡2ctt |
| 650 | 0 | 7. | ‡akomentáře ‡2ctt |
| 700 | 1 | . | ‡aSellin, Ernst, ‡d1867-1946 ‡7skuk0005207 ‡4trl |
| 830 | 0. | ‡aKommentar zum Alten Testament | |
| 852 | 4 | . | ‡bETS ‡bETS ‡cVolný výběr ‡j221.7 ‡p424470016410 ‡y$50.00 |
| 910 | . | ‡aABG450 | |
| 993 | 1. | ‡1BUBVA ‡2LUBV1 ‡3B - B-5-2114 ‡6B355 ‡550-486194 ‡f04 ‡mBOOK ‡w000123692 ‡x000020 | |
| 993 | 1. | ‡1ETF ‡2005 ‡32V 67/12 ‡9SZ D01 ‡63205001396 ‡53205001396 ‡f04 ‡mBOOK ‡w000123692 ‡x000010 | |
| 997 | . | ‡aBK | |
| 999 | . | ‡a13699 ‡c13699 ‡tbiblio | |
| 905 | . | ‡uadmin | |
| 901 | . | ‡a34315 ‡b ‡c34315 ‡tbiblio ‡sets | |